| 000 | 00630nam a22002177a 4500 | ||
|---|---|---|---|
| 005 | 20170124110123.0 | ||
| 010 | _aB-035762 | ||
| 020 | _c200.00 | ||
| 035 | _aB-035762 | ||
| 037 | _bCen Lib/Ret | ||
| 040 |
_aDPL _bEN |
||
| 082 |
_aS _bIND |
||
| 245 |
_a Indian classics tales & stories / _cedited by Reema Prashar |
||
| 260 |
_aDelhi _bOsprey Publishing _c2001 |
||
| 270 |
_aM-72, Panchsheel Colony Navin Shahdara _bDelhio _e110032 |
||
| 300 |
_a151p. _c21cm(Hb) |
||
| 650 |
_aEnglish Literature _930917 |
||
| 650 |
_aEnglish Fiction-Short Stories _930918 |
||
| 700 |
_930706 _aReema Prashar |
||
| 942 |
_2ddc _cEN _hS _mIND |
||
| 999 |
_c131124 _d131124 |
||